00382nam a2200157 a 45000010005000000030009000050080041000140400028000550820015000831000024000982450025001222600032001473000010001794900012001896500023002016253CO-ViMGA141112s2004 ck r 000 u spa d aCO-ViMGAbspacCO-ViMGA04a291 C177ae1 aCastañeda, Carlos10aEl arte de ensoñar aBarcelona : bEmece, c1993 a296 p aTop, 5814aMITOLOGIA MEXICANA